100 Worst Britons - Statistics

General Stats
  • This quiz has been taken 598 times
    592 since last reset
  • The average score is 46 of 100
Answer Stats
Rank Hint Answer % Correct
3 Politician Margaret Thatcher
84%
1 Politician Tony Blair
84%
89 Barrister/lecturer Cherie Blair
78%
24 Royal Prince Charles
73%
55 Singer Elton John
68%
10 Royal The Queen
67%
7 Football manager Alex Ferguson
65%
82 Chef Gordon Ramsay
65%
73 Royal(ish) Sarah Ferguson
65%
13 Singer/model Victoria Beckham
65%
91 Footballer David Beckham
64%
2 Reality TV star Jordan
63%
33 TV personality Simon Cowell
58%
56 TV duo Ant and Dec
57%
28 Chef Jamie Oliver
55%
61 Footballer/actor Vinnie Jones
55%
39 Actress Catherine Zeta Jones
54%
63 Aristocrat Countess of Wessex
54%
78 Chef Delia Smith
54%
99 Politician Iain Duncan Smith
54%
4 Reality TV star Jade Goody
54%
72 Singer Tom Jones
54%
21 Singer Charlotte Church
53%
40 Royal Prince Edward
53%
86 Businessman Richard Branson
52%
29 Singer Cliff Richard
51%
35 Wizard Harry Potter
51%
32 Model Naomi Campbell
51%
76 Royal Princess Anne
51%
17 Singer Robbie Williams
50%
51 Singer Darius Danesh
49%
57 Journalist/politician Alisdair Campbell
48%
98 Sing Craig David
47%
48 Stylist duo Trinny and Susannah
46%
96 Boxer Chris Eubank
45%
66 TV presenter Jeremy Clarkson
45%
71 Royal servant Paul Burrell
45%
36 "It girl" Tara Palmer Tomkinson
45%
12 TV personality Chris Evans
44%
42 Interior designer Lawrence Llewelyn Bowen
44%
11 Singer Liam Gallagher
44%
90 Chef Nigella Lawson
44%
38 Composer Andrew Lloyd Webber
43%
53 Presenter Zoe Ball
43%
9 Singer Gerri Halliwell
42%
58 Singer Ozzy Osbourne
42%
100 Musical group Atomic Kitten
41%
27 DJ Chris Moyles
41%
95 TV presenter Davina McCall
41%
70 Comedian/writer Frank Skinner
41%
19 Political duo Neil and Christine Hamilton
41%
31 Columnist group The 3AM Girls
41%
92 Singer Will Young
41%
6 Singer Gareth Gates
40%
77 Filmmaker Guy Ritche
40%
8 Singer 'H' from Steps
40%
37 Household Cavalry officer James Hewitt
40%
50 Politician Ken Livingstone
40%
5 Journalist Martin Bashir
40%
44 Film director Michael Winner
40%
34 DJ Sarah Cox
40%
81 Singer Sting
40%
52 TV personality Amanda Holden
39%
94 Politician Anne Widdecombe
39%
22 Actor/singer Darren Day
39%
30 Publicist Max Clifford
39%
83 Singer Mick Jagger
39%
41 Artist Tracy Emin
39%
62 TV presenter Alan Titchmarch
38%
65 Comedian/writer Ben Elton
38%
59 Political duo Byers and Moore
38%
26 Politician Edwina Curry
38%
23 Model/socialite Lady Victoria Hervey
38%
75 Actress/model Liz Hurley
38%
97 Aristocrat Lord Irving
38%
43 Sing Mick Hucknall
38%
18 Businessman Peter Stringfellow
38%
47 Chef Ainsley Harriot
37%
16 Comedian Bernard Manning
37%
74 TV presenter Carol Smilie
37%
64 TV presenter Chris Tarrant
37%
54 Actress Martine McCutchaon
37%
46 Boxer Prince Naseem Hamed
37%
60 TV personality Richard Madely
37%
14 Singer Rik Waller
37%
93 Journalist/broadcaster Vanessa Feltz
37%
25 TV presenter Anne Robinson
36%
88 TV presenter Judith Chalmers
36%
49 Politician Peter Mandleson
36%
45 DJ Peter Waterman
36%
15 TV personality Anthea Turner
35%
84 Artist Damien Hirst
35%
67 TV personality Jeremy Spake
35%
20 Comedian/TV presenter Jim Davidson
35%
79 Journalist/broadcaster Johnny Vaughn
35%
85 Writer Julie Burchill
34%
80 Activist Peter Tatchell
34%
68 TV personality Carol Vorderman
33%
69 TV presenter David Dickinson
32%
87 Politician John Prescott
32%
No matching quizzes found
Score Distribution
Percent of People with Each Score
Percentile by Number Answered
Your Score History
You have not taken this quiz since the last reset